Homelies coptes de la Vaticane /

محفوظ في:

مؤلفون آخرون: Vis, Henri de. (المحرر, Editeur scientifique.)

التنسيق: كتاب

اللغة: French
Coptic

منشور في: Hauniae : Gyldendalske Boghandel-Nordisk Forlag, 1922.

سلاسل: Coptica : consilio et impensis / Instituti rask-oerstediani edita ; 1

الموضوعات:

الوسوم: إضافة وسم

لا توجد وسوم, كن أول من يضع وسما على هذه التسجيلة!

رقم الطلب: PJ2195 .C85 v.1

LEADER 00973cam a2200265Mi 4500
001 ocn819204758
003 OCoLC
005 20240219200701.0
008 120725s1922uuuudk f 000 0 fre d
041 0 |a fre  |a cop 
050 4 |a PJ2195  |b .C85 v.1 
245 0 0 |a Homelies coptes de la Vaticane /  |c texte copte publie et traduit par Henri de Vis,... 
264 1 |a Hauniae :  |b Gyldendalske Boghandel-Nordisk Forlag,  |c 1922. 
300 |a 1 vol. (220 p.) ;  |c 23 cm. 
336 |a text  |b txt  |2 rdacontent 
337 |a unmediated  |b n  |2 rdamedia 
338 |a volume  |b nc  |2 rdacarrier 
490 0 |a Coptica : consilio et impensis / Instituti rask-oerstediani edita ;  |v 1 
500 |a Texte copte et traduction francaise. 
504 |a Notes bibliogr. Index. 
610 2 7 |a Biblioteca apostolica vaticana  |x Manuscrits.  |2 ram 
650 7 |a Eglises coptes  |x Sermons.  |2 ram 
650 7 |a Litterature copte  |x Anthologies.  |2 ram 
700 1 |a Vis, Henri de.  |4 edt  |e Editeur scientifique. 
999 |c 56860  |d 56860